000 02176nam0a2200349 4500
001 RU\NLR\BIBL_A\011795081
005 20181002114544.0
010 _a978-5-905926-43-3
_9500
021 _aRU
_bКН-П-18-061031
_9КН-П-18-4389
035 _a(NLR Aleph) 011795081
035 _a(RuMoRGB)009724758
090 _a11842731
_c11842731
100 _a20180919d2018 u y0rusy50 ca
101 0 _arus
102 _aRU
105 _aa z 000zy
200 1 _aМедико-санитарное обеспечение в случае радиационных аварий
_eсборник методических документов
_fФедеральное медико-биологическое агентство, Федеральное государственное бюджетное учреждение "Государственный научный центр Российской Федерации - Федеральный медицинский биофизический центр им. А. И. Бурназяна"
_g[составители: Грачев М. И. и др.]
210 _aМосква
_cФГБУ ГНЦ ФМБЦ им. А. И. Бурназяна ФМБА России
_d2018
215 _a395 с.
_cтабл.
_d21
320 _aБиблиогр.: с. 370-376 (66 назв.)
606 1 _aРадиационные аварии
_jМетодические пособия
_xПоследствия
_xЛиквидация
_xМедико-санитарное обслуживание населения
_92302657
_3RU\NLR\AUTH\6601604885
610 0 _aмедицинское обеспечение населения в случае радиационной аварии
686 1 _aР11(2)23я8
686 1 _aР126.03я8
702 1 _aГрачев
_bМ. И.
_gМихаил Иванович
_4220
712 0 2 _4475
_aФедеральный медицинский биофизический центр им. А. И. Бурназяна
_cМосква
_9372239
_3RU\NLR\AUTH\8810243199
942 _cBOOK
980 _aNBR
980 _aNB